[Event "Charlotte Spring GM Invitational 2021"]
[Site "Charlotte"]
[Date "2021.03.19"]
[Round "3.2"]
[White "Ringoir, Tanguy"]
[Black "Wang, Kevin"]
[Result "1-0"]
[WhiteElo "2474"]
[BlackElo "2402"]
[Annotator "TA"]
[PlyCount "157"]
[EventDate "2021.03.17"]
[EventType "tourn"]
[EventCountry "USA"]
[SourceTitle "playchess.com"]
[Source "ChessBase"]
[SourceQuality "1"]

{[%evp 9,156,-4,18,13,35,32,33,27,40,40,34,41,55,45,42,49,77,75,73,60,77,74,97,10,2,29,83,33,25,37,70,76,66,70,66,79,113,59,85,85,81,63,56,53,153,88,87,89,70,74,73,73,85,71,109,97,81,81,79,55,66,62,71,56,145,140,143,124,163,83,130,94,90,56,40,52,66,57,72,66,486,472,438,441,973,925,847,854,1112,996,29988,29989,29989,29958,29955,29958,12843,12647,29950,6191,29963,29959,29967,29966,29969,29969,12811,6091,5240,4134,4134,1690,29986,29981,29987,29981,29985,29979,29981,29982,29982,29983,29983,29984,29982,29983,29988,29989,29989,29989,29989,29990,29990,29989,29989,29989,29989,29990,29991,29992,29994,29995,29996,29997,29997,29998,29998,29999,29999]} 1. d4 d5 2. c4 e6 3. Nf3 Nf6 4. g3 Bb4+ 5. Bd2 Bd6 6. Nc3 {E01: Catalan: Early deviations.} c6 7. Qc2 O-O 8. e4 {White is slightly better.} dxe4 9. Nxe4 Nxe4 10. Qxe4 c5 11. Bc3 cxd4 12. Nxd4 {[#]} Qe7 $146 ({Predecessor:} 12... f5 13. Qe3 f4 14. Qe4 Na6 15. O-O-O Nc5 16. Qc2 Qe7 17. b4 Na6 18. c5 Bc7 {1-0 (34) Vorobiov,E (2578)-Zhuravlev,S (2182) Pardubice 2019}) 13. O-O-O $1 Nd7 14. Bd3 {[%csl Gd3][%cal Re4h7]} g6 15. Bc2 Bb4 16. Nb5 (16. Bxb4 $1 $16 Qxb4 17. Nb5) 16... Bxc3 $11 17. Nxc3 Nb6 (17... Nf6 $1 $11 18. Qh4 b6) 18. Rd4 e5 {[#]} 19. f4 $1 $36 {[%mdl 2048] White is pushing.} Re8 (19... f6 20. fxe5) 20. Qxe5 Qxe5 21. fxe5 Rxe5 22. Be4 Kg7 23. b3 (23. Rhd1 $16) 23... Nd7 24. Bg2 Nc5 25. Rd8 Re7 $1 26. Bd5 a5 {[#]} ({Black should play} 26... Rb8 $14) 27. Kd2 (27. Rd1 $142 $1) 27... Rd7 $16 28. Re8 b6 29. Kc1 Rb8 30. Rd1 Na6 31. Nb5 Bb7 32. Rxb8 Nxb8 33. Bxb7 Rxb7 {[%mdl 4096] Endgame KRN-KRN} 34. Rd6 Nd7 35. Nc3 Ne5 36. Kc2 f5 {[#]} (36... Ng4 $1 $14) 37. Nd5 $1 g5 38. Rxb6 Rf7 39. Kd1 (39. Rb5 $18) 39... f4 40. gxf4 gxf4 41. Re6 Ng4 42. h3 Nf2+ 43. Ke1 Nxh3 44. Re5 {Threatens to win with Rh5.} Kg6 {[%mdl 8192] Loses the game.} (44... f3 $1 $14) 45. c5 $18 Ng5 {aiming for ...Nf3+.} 46. Kf2 f3 (46... Rf8 $142 47. c6 Nf7) 47. c6 Nh3+ 48. Kf1 Kh6 49. c7 Rg7 50. Re6+ Kh5 {[#]} 51. Nf4+ $1 {[%mdl 576] Promotion} Nxf4 52. c8=Q Nxe6 53. Qxe6 {KQ-KR} Rg5 54. Qf7+ (54. Kf2 $142 h6 55. Kxf3 Rg7 56. Kf4 Rg5 57. Qe8+ Kh4 58. Qe2 Kh3 59. Qe6+ Kg2 60. Qxh6) 54... Kg4 55. Kf2 Rf5 56. Qxh7 Re5 57. Qg7+ Kf4 58. Qg3+ Ke4 59. Qxf3+ Kd4 60. Qf4+ Re4 61. Qd6+ {White mates.} Kc3 62. Qc5+ Kd3 63. Qxa5 Re2+ 64. Kf3 Re3+ 65. Kf4 Re4+ 66. Kf5 Rd4 67. a4 Re4 68. Qb5+ Ke3 {[#]} 69. Qe2+ $3 {[%mdl 576] Deflection} Kxe2 70. Kxe4 {KP-KP} Kd2 71. Kd4 Kc2 72. Kc4 Kb2 73. a5 Kb1 74. a6 Kb2 75. a7 Kb1 76. Kc3 Kc1 77. a8=Q {[%cal Ra8h1]} Kb1 78. b4 Kc1 79. Qa1# {Weighted Error Value: White=0.13/Black=0.67} 1-0

[Event "Charlotte Spring GM Invitational 2021"]
[Site "Charlotte"]
[Date "2021.03.19"]
[Round "3.3"]
[White "Sinha, Sahil"]
[Black "Yip, Carissa"]
[Result "1-0"]
[WhiteElo "2353"]
[BlackElo "2423"]
[Annotator "ChessBase"]
[PlyCount "77"]
[EventDate "2021.03.17"]
[EventType "tourn"]
[EventCountry "USA"]
[SourceTitle "playchess.com"]
[Source "ChessBase"]
[SourceQuality "1"]
[TimeControl "5400+30"]

1. d4 {[%emt 0:00:00]} Nf6 {[%emt 0:00:00]} 2. c4 {[%emt 0:00:00]} g6 {[%emt 0:00:00]} 3. Nc3 {[%emt 0:00:00]} Bg7 {[%emt 0:00:00]} 4. e4 {[%emt 0:00:04]} d6 {[%emt 0:00:00]} 5. Be2 {[%emt 0:00:12]} O-O {[%emt 0:00:00]} 6. Nf3 {[%emt 0:00:07]} e5 {[%emt 0:00:05]} 7. O-O {[%emt 0:00:09]} Nc6 {[%emt 0:00:02]} 8. d5 {[%emt 0:00:07]} Ne7 {[%emt 0:00:05]} 9. Ne1 {[%emt 0:00:03]} Ne8 {[%emt 0:00:17]} 10. Be3 {[%emt 0:00:18]} f5 {[%emt 0:00:05]} 11. f3 {[%emt 0:00:04]} f4 {[%emt 0:00:03]} 12. Bf2 {[%emt 0:00:07]} g5 {[%emt 0:00:04]} 13. c5 {[%emt 0:00:10]} h5 {[%emt 0:00:28]} 14. a4 {[%emt 0:00:33]} Rf6 {[%emt 0:00:21]} 15. cxd6 {[%emt 0:02:04]} Nxd6 {[%emt 0:04:15]} 16. Nb5 {[%emt 0:01:16]} Rg6 {[%emt 0:01:11]} 17. Rc1 {[%emt 0:05:12]} Nxb5 {[%emt 0:02:58]} 18. axb5 {[%emt 0:00:05]} Bd7 {[%emt 0:02:11]} 19. Nd3 {[%emt 0:04:04]} b6 {[%emt 0:05:51]} 20. Qc2 {[%emt 0:03:23]} Rc8 {[%emt 0:00:54]} 21. Ra1 {[%emt 0:03:57]} g4 {[%emt 0:11:32]} 22. Bh4 {[%emt 0:01:05]} Qf8 {[%emt 0:09:59]} 23. Qc3 {[%emt 0:16:13]} Kh7 {[%emt 0:17:48]} 24. Nxe5 {[%emt 0:08:48]} Qh8 {[%emt 0:03:01]} 25. Nxg6 {[%emt 0:01:07]} Nxg6 {[%emt 0:00:05]} 26. Qe1 {[%emt 0:00:03]} g3 {[%emt 0:00:41]} 27. hxg3 {[%emt 0:06:05]} Nxh4 {[%emt 0:00:06]} 28. gxh4 {[%emt 0:00:05]} Bd4+ {[%emt 0:03:14]} 29. Rf2 {[%emt 0:01:17]} Be3 {[%emt 0:11:44]} 30. Qc3 {[%emt 0:10:11]} Qd8 {[%emt 0:00:27]} 31. e5 {[%emt 0:04:30]} Qxh4 {[%emt 0:02:40]} 32. Bd3+ {[%emt 0:02:00]} Kh6 {[%emt 0:07:39]} 33. Raf1 {[%emt 0:03:27]} Rg8 {[%emt 0:00:48]} 34. Qxc7 {[%emt 0:08:33]} Qe7 {[%emt 0:09:16]} 35. Bf5 {[%emt 0:03:11]} Rxg2+ {[%emt 0:02:38]} 36. Kxg2 {[%emt 0:01:30]} Qg5+ {[%emt 0:01:02]} 37. Kh1 {[%emt 0:00:34]} Bxf5 {[%emt 0:02:14]} 38. Rg1 {[%emt 0:03:22]} Bg4 {[%emt 0:00:05]} 39. Rxg4 {[%emt 0:00:45]} 1-0

[Event "Charlotte Spring GM Invitational 2021"]
[Site "Charlotte"]
[Date "2021.03.19"]
[Round "3.4"]
[White "Prohaszka, Peter"]
[Black "Ostrovskiy, Aleksandr"]
[Result "1-0"]
[WhiteElo "2581"]
[BlackElo "2431"]
[Annotator "TA"]
[PlyCount "93"]
[EventDate "2021.03.17"]
[EventType "tourn"]
[EventCountry "USA"]
[SourceTitle "playchess.com"]
[Source "ChessBase"]
[SourceQuality "1"]

{[%evp 20,93,38,39,36,8,14,7,32,0,0,0,0,0,0,0,9,15,17,25,48,25,24,29,31,22,67,29,145,143,133,129,140,122,114,101,138,127,153,155,166,129,156,129,161,106,185,127,135,140,186,179,413,428,422,422,502,499,859,829,882,876,825,714,673,596,592,579,547,492,483,462,470,447,556,552]} 1. d4 d5 2. c4 c6 3. cxd5 cxd5 4. Bf4 Nf6 5. e3 Nc6 6. Bb5 Bd7 7. Nc3 a6 8. Bd3 Bg4 9. Nge2 e6 10. Rc1 Be7 11. O-O O-O {D10: Slav Defence: 3 cxd5 (without early Nf3) and 3 Nc3.} 12. a3 {12.f3 is setting a new trend.} Rc8 13. Na4 Nd7 {The position is equal.} 14. f3 Bh5 15. b4 Bg6 16. Bg3 Re8 17. Nf4 Bg5 18. Re1 Bxf4 19. Bxf4 e5 20. dxe5 Bxd3 21. Qxd3 Ndxe5 22. Bxe5 Rxe5 23. Nc5 {[#]} Qe7 $146 {[#]} (23... Re7 $1 $11) ({Predecessor:} 23... Re7 24. Rcd1 Qe8 25. Qxd5 Rd8 26. Qg5 h6 27. Rxd8 Qxd8 28. Qg3 Qd2 29. e4 Ne5 30. f4 Nc4 {½-½ (42) Bellia,F (2416)-Sanchez,J (2531) Arvier 2013}) 24. f4 $1 $36 {[%cal Rf4e5][%mdl 2048] Keeping Black busy.} Rh5 25. e4 d4 26. e5 Rh6 27. Re2 Rd8 28. Ne4 Qh4 29. g3 Qe7 30. Rf1 Rg6 31. Nc5 Rh6 32. Rc1 (32. Rfe1 $18) 32... Kf8 (32... g5 $16) 33. Qe4 ({White should play} 33. Rce1 $18) 33... d3 34. Rd2 Rd4 35. Qe3 Rhd6 $2 {[#]} (35... g5 {is a better defense.}) 36. Nxb7 $1 $18 {[%mdl 512]} R6d5 {White is clearly winning.} 37. Nc5 {[%mdl 64] Double Attack} ({Less strong is} 37. Rxc6 Qxb7 38. Rc3 Qd7 $16) 37... f5 38. Qf3 Qa7 (38... Qe8 $142 39. Nxa6 Qd7) 39. Ne6+ Ke7 40. Nxd4 Qxd4+ 41. Qf2 Kd7 42. Qxd4 Nxd4 43. Kf2 Nb3 44. Rcd1 Nxd2 45. Rxd2 Rd4 46. Ke3 Re4+ 47. Kxd3 {Weighted Error Value: White=0.14/Black=0.34} 1-0

[Event "Charlotte Spring GM Invitational 2021"]
[Site "Charlotte"]
[Date "2021.03.19"]
[Round "3.5"]
[White "Gauri, Shankar"]
[Black "Hilby, Craig"]
[Result "1/2-1/2"]
[WhiteElo "2353"]
[BlackElo "2454"]
[Annotator "TA"]
[PlyCount "39"]
[EventDate "2021.03.17"]
[EventType "tourn"]
[EventCountry "USA"]
[SourceTitle "playchess.com"]
[Source "ChessBase"]
[SourceQuality "1"]

{[%evp 15,39,22,21,21,38,31,38,44,39,31,52,15,29,27,29,35,38,37,38,34,43,31,110,103,90,54]} 1. d4 g6 2. e4 Bg7 3. Nf3 d6 4. Bd3 Nf6 5. O-O O-O 6. c3 Nbd7 7. Re1 e5 8. Nbd2 Re8 {8...b6 is the modern continuation.} 9. h3 {B07: Pirc Defence: Miscellaneous Systems.} c6 10. a4 a5 11. Nc4 {White is slightly better.} Qc7 12. dxe5 dxe5 13. Bf1 Nc5 14. Qc2 {[#]} b5 $146 ({Predecessor:} 14... Nh5 15. b4 axb4 16. cxb4 Ne6 17. Bb2 Nd4 18. Nxd4 exd4 19. Rad1 b5 20. Na5 c5 21. Bxb5 {0-1 (56) Girya,O (2446)-Bodnaruk,A (2463) Sochi 2016}) 15. axb5 cxb5 16. Na3 Bb7 {[%cal Rb7e4]} 17. Nxb5 Qc6 {[%cal Rf6e4]} 18. b4 Ncxe4 (18... axb4 $14 19. Rxa8 Bxa8) 19. bxa5 Ba6 20. Rb1 {Weighted Error Value: White=0.04/Black=0.15} 1/2-1/2

[Event "Charlotte Spring GM Invitational 2021"]
[Site "Charlotte"]
[Date "2021.03.19"]
[Round "4.1"]
[White "Belous, Vladimir"]
[Black "Sinha, Sahil"]
[Result "1-0"]
[WhiteElo "2521"]
[BlackElo "2353"]
[Annotator "RC"]
[PlyCount "61"]
[EventDate "2021.03.17"]
[EventType "tourn"]
[EventCountry "USA"]
[SourceTitle "playchess.com"]
[Source "ChessBase"]
[SourceQuality "1"]
[TimeControl "5400+30"]

1. d4 {[%emt 0:00:00]} Nf6 {[%emt 0:00:29]} 2. c4 {[%emt 0:00:00]} e6 {[%emt 0:00:07]} 3. Nc3 {[%emt 0:00:00]} Bb4 {[%emt 0:00:31]} 4. f3 {[%emt 0:00:13]} d5 {[%emt 0:01:17]} 5. a3 {[%emt 0:00:06]} Bxc3+ {[%emt 0:01:20]} 6. bxc3 {[%emt 0:00:02]} O-O {[%emt 0:01:32]} 7. cxd5 {[%emt 0:01:58]} exd5 {[%emt 0:00:12]} 8. e3 {[%emt 0:00:27]} c5 {[%emt 0:00:39]} 9. Bd3 {[%emt 0:00:26]} b6 {[%emt 0:00:40]} 10. Ne2 {[%emt 0:00:13]} Ba6 {[%emt 0:00:51]} 11. Bxa6 {[%emt 0:00:12]} Nxa6 {[%emt 0:00:05]} 12. O-O {[%emt 0:00:04]} Re8 {[%emt 0:02:00]} 13. Ng3 {[%emt 0:00:33]} Nc7 {[%emt 0:02:56]} 14. Ra2 {[%emt 0:06:52]} Qd7 {[%emt 0:02:51]} 15. Raf2 {[%emt 0:06:48]} h5 {[%emt 0:05:07]} 16. e4 {[%emt 0:03:45]} g6 {[%emt 0:04:54]} 17. e5 {[%emt 0:05:58]} h4 {[%emt 0:00:49]} 18. exf6 {[%emt 0:02:15]} hxg3 {[%emt 0:00:12]} 19. hxg3 {[%emt 0:00:02]} Re6 {[%emt 0:22:43]} 20. Bg5 {[%emt 0:03:17]} Nb5 {[%emt 0:50:45]} 21. f4 {[%emt 0:07:20]} Re4 {[%emt 0:00:00]} 22. f5 {[%emt 0:03:47]} Nxc3 {[%emt 0:00:00]} 23. Qd3 {[%emt 0:01:06]} cxd4 {[%emt 0:00:00]} 24. g4 {[%emt 0:00:08]} Qe8 {[%emt 0:00:00]} 25. fxg6 {[%emt 0:01:26]} Re3 {[%emt 0:00:00]} 26. gxf7+ {[%emt 0:01:13]} Qxf7 {[%emt 0:00:00]} 27. Bxe3 {[%emt 0:00:07]} dxe3 {[%emt 0:00:00]} 28. Qxe3 {[%emt 0:00:27]} Ne4 {[%emt 0:00:00]} 29. Rf5 {[%emt 0:00:13]} Rc8 {[%emt 0:00:53]} 30. Qh6 {[%emt 0:00:29]} Rc6 {[%emt 0:01:25]} 31. Rh5 {[%emt 0:00:19]} 1-0

[Event "Charlotte Spring GM Invitational 2021"]
[Site "Charlotte"]
[Date "2021.03.19"]
[Round "4.2"]
[White "Ostrovskiy, Aleksandr"]
[Black "Gauri, Shankar"]
[Result "1/2-1/2"]
[WhiteElo "2431"]
[BlackElo "2353"]
[Annotator "NA"]
[PlyCount "44"]
[EventDate "2021.03.17"]
[EventType "tourn"]
[EventCountry "USA"]
[SourceTitle "playchess.com"]
[Source "ChessBase"]
[SourceQuality "1"]
[TimeControl "5400+30"]

1. e4 {[%emt 0:00:00]} e5 {[%emt 0:07:24]} 2. Nf3 {[%emt 0:00:00]} Nc6 {[%emt 0:00:05]} 3. Bb5 {[%emt 0:00:00]} g6 {[%emt 0:00:28]} 4. d4 {[%emt 0:07:04]} exd4 {[%emt 0:02:27]} 5. Bg5 {[%emt 0:00:27]} Be7 {[%emt 0:00:44]} 6. Bxe7 {[%emt 0:00:19]} Qxe7 {[%emt 0:00:23]} 7. Bxc6 {[%emt 0:00:05]} dxc6 {[%emt 0:00:27]} 8. Qxd4 {[%emt 0:00:05]} Nf6 {[%emt 0:01:22]} 9. Nc3 {[%emt 0:00:11]} Bg4 {[%emt 0:26:50]} 10. Nd2 {[%emt 0:08:16]} c5 {[%emt 0:10:26]} 11. Qe3 {[%emt 0:01:30]} O-O-O {[%emt 0:01:14]} 12. f3 {[%emt 0:08:01]} Bd7 {[%emt 0:07:36]} 13. O-O-O {[%emt 0:02:11]} Bc6 {[%emt 0:05:56]} 14. Nc4 {[%emt 0:14:34]} b6 {[%emt 0:01:09]} 15. Qg5 {[%emt 0:03:31]} Qe6 {[%emt 0:06:59]} 16. Qe5 {[%emt 0:17:49]} Rde8 {[%emt 0:03:47]} 17. Qxe6+ {[%emt 0:00:35]} Rxe6 {[%emt 0:00:02]} 18. Ne3 {[%emt 0:08:31]} Rhe8 {[%emt 0:04:57]} 19. Ned5 {[%emt 0:09:39]} h5 {[%emt 0:03:46]} 20. Nxf6 {[%emt 0:00:39]} Rxf6 {[%emt 0:00:02]} 21. h4 {[%emt 0:01:14]} Rfe6 {[%emt 0:00:47]} 22. Rh3 {[%emt 0:07:18]} Rd6 {[%emt 0:07:05]} 1/2-1/2

[Event "Charlotte Spring GM Invitational 2021"]
[Site "Charlotte"]
[Date "2021.03.19"]
[Round "4.3"]
[White "Yip, Carissa"]
[Black "Prohaszka, Peter"]
[Result "1-0"]
[WhiteElo "2423"]
[BlackElo "2581"]
[Annotator "TA"]
[PlyCount "89"]
[EventDate "2021.03.17"]
[EventType "tourn"]
[EventCountry "USA"]
[SourceTitle "playchess.com"]
[Source "ChessBase"]
[SourceQuality "1"]

{[%evp 12,89,37,4,42,24,34,24,30,17,15,10,21,8,51,32,40,30,32,19,39,50,53,42,48,52,56,52,46,33,56,29,38,15,60,66,81,83,88,50,54,76,112,98,116,81,83,84,93,58,80,59,66,51,62,77,68,68,107,89,110,108,104,109,108,105,358,373,690,668,1558,1522,1719,1646,1365,1411,29977,29978,29997,29998]} 1. e4 c6 2. d4 d5 3. e5 Bf5 4. Nf3 e6 5. Be2 Ne7 6. O-O Nd7 {6...Ng6 is a critical line.} 7. Nbd2 Nc8 {B12: Caro-Kann: Advance Variation.} 8. Nb3 Be7 9. c3 O-O {White has an edge.} 10. Ne1 f6 {[#]} 11. f4 $146 ({Predecessor:} 11. g4 Bg6 12. f4 f5 13. g5 c5 14. a4 cxd4 15. Nxd4 Bc5 16. b4 Bxd4+ 17. Qxd4 {1-0 (41) Hammer,J (2621)-Elsness,F (2477) Norway 2018}) 11... Ncb6 12. Nd3 Be4 13. Nf2 Bg6 14. Bg4 f5 15. Be2 c5 16. dxc5 Nxc5 17. Nd4 {aiming for b4.} Qc8 18. b3 Ne4 19. Bb2 Bc5 20. Rc1 Rd8 21. Kh1 Qd7 22. Nd3 Bxd4 23. cxd4 Rac8 24. Nc5 Qf7 25. a4 Na8 26. Ba3 a6 27. Qe1 Rc7 28. Qb4 h6 29. Kg1 Kh7 30. Rfd1 (30. a5 {looks sharper.} Rdc8 31. Bd3 Bh5 32. Rc2 Rc6 33. Bb2) 30... Nxc5 31. Rxc5 Rxc5 32. Qxc5 Bh5 33. Bxh5 Qxh5 34. Rf1 (34. Ra1 {seems wilder.} Re8 35. Kh1 g5 36. Qb4 Qf7 37. Kg1) 34... Re8 35. Qc2 Qg4 36. h3 $36 {[%mdl 2048] Black is under strong pressure.} Qg3 37. Rf3 Qe1+ 38. Kh2 Qe4 $2 {[%mdl 8192] [#] A mistake that costs the game.} (38... Qh4 $16) 39. Qc5 $18 Qe2 $2 (39... Rg8 40. Qe7 Qxd4 41. Qxe6 Qe4) 40. Qa7 Qd2 41. Qxb7 Qxd4 42. Qf7 {[#] White wants to mate with Rg3.} Rg8 43. Bf8 Nc7 44. Rg3 Qxf4 45. Qg6+ {Weighted Error Value: White=0.08/Black=0.50} 1-0

[Event "Charlotte Spring GM Invitational 2021"]
[Site "Charlotte"]
[Date "2021.03.19"]
[Round "4.4"]
[White "Wang, Kevin"]
[Black "Hilby, Craig"]
[Result "0-1"]
[WhiteElo "2402"]
[BlackElo "2454"]
[Annotator "RC"]
[PlyCount "154"]
[EventDate "2021.03.17"]
[EventType "tourn"]
[EventCountry "USA"]
[SourceTitle "playchess.com"]
[Source "ChessBase"]
[SourceQuality "1"]
[TimeControl "5400+30"]

1. e4 {[%emt 0:00:00]} e5 {[%emt 0:00:00]} 2. Nf3 {[%emt 0:00:00]} Nc6 {[%emt 0:00:00]} 3. Bc4 {[%emt 0:00:41]} Nf6 {[%emt 0:00:00]} 4. d3 {[%emt 0:00:37]} h6 {[%emt 0:00:17]} 5. c3 {[%emt 0:01:01]} d6 {[%emt 0:00:29]} 6. Nbd2 {[%emt 0:01:19]} g5 {[%emt 0:07:16]} 7. h4 {[%emt 0:01:33]} g4 {[%emt 0:01:19]} 8. Nh2 {[%emt 0:00:35]} h5 {[%emt 1:24:39]} 9. Qb3 {[%emt 1:28:44]} Rh7 {[%emt 0:00:00]} 10. Nhf1 {[%emt 0:00:00]} Na5 {[%emt 0:00:00]} 11. Qc2 {[%emt 0:01:00]} Nxc4 {[%emt 0:00:00]} 12. Nxc4 {[%emt 0:00:00]} Be6 {[%emt 0:00:00]} 13. Ng3 {[%emt 0:01:00]} Bxc4 {[%emt 0:00:00]} 14. dxc4 {[%emt 0:00:00]} Qd7 {[%emt 0:00:00]} 15. Bg5 {[%emt 0:00:00]} Ng8 {[%emt 0:00:00]} 16. O-O-O {[%emt 0:00:00]} Qc6 {[%emt 0:04:00]} 17. Qe2 {[%emt 0:00:00]} f6 {[%emt 0:00:00]} 18. Be3 {[%emt 0:00:00]} Ne7 {[%emt 0:01:00]} 19. f3 {[%emt 0:00:00]} Bh6 {[%emt 0:00:00]} 20. Bxh6 {[%emt 0:00:00]} Rxh6 {[%emt 0:00:00]} 21. fxg4 {[%emt 0:00:00]} hxg4 {[%emt 0:00:00]} 22. b3 {[%emt 0:00:00]} Kf7 {[%emt 0:00:00]} 23. Qxg4 {[%emt 0:00:00]} b5 {[%emt 0:00:00]} 24. c5 {[%emt 0:00:00]} Qxc5 {[%emt 0:00:00]} 25. Rd3 {[%emt 0:00:00]} Rg8 {[%emt 0:00:00]} 26. Qd7 {[%emt 0:00:00]} Qc6 {[%emt 0:00:00]} 27. Qh3 {[%emt 0:00:00]} b4 {[%emt 0:02:12]} 28. c4 {[%emt 0:00:00]} Ke8 {[%emt 0:02:48]} 29. Rf1 {[%emt 0:00:05]} Qd7 {[%emt 0:00:00]} 30. Nf5 {[%emt 0:02:51]} Nxf5 {[%emt 0:00:00]} 31. Rxf5 {[%emt 0:00:37]} Qg7 {[%emt 0:00:15]} 32. g3 {[%emt 0:04:07]} Rg6 {[%emt 0:01:45]} 33. Rf2 {[%emt 0:00:41]} Ke7 {[%emt 0:00:30]} 34. Qf5 {[%emt 0:02:09]} Rxg3 {[%emt 0:00:00]} 35. Rxg3 {[%emt 0:00:00]} Qxg3 {[%emt 0:01:00]} 36. Qxf6+ {[%emt 0:00:00]} Kd7 {[%emt 0:00:00]} 37. Qf7+ {[%emt 0:00:00]} Kc8 {[%emt 0:00:00]} 38. Rf1 {[%emt 0:00:16]} Qc3+ {[%emt 0:00:46]} 39. Kb1 {[%emt 0:00:14]} Qd3+ {[%emt 0:00:05]} 40. Kc1 {[%emt 0:00:11]} Qe3+ {[%emt 0:00:53]} 41. Kb1 {[%emt 0:01:01]} Qxe4+ {[%emt 0:00:07]} 42. Ka1 {[%emt 0:00:00]} Qd4+ {[%emt 0:00:07]} 43. Kb1 {[%emt 0:00:02]} Qd3+ {[%emt 0:00:38]} 44. Ka1 {[%emt 0:00:04]} Kb7 {[%emt 0:00:48]} 45. Qxg8 {[%emt 0:02:29]} Qxf1+ {[%emt 0:00:05]} 46. Kb2 {[%emt 0:00:00]} Qf2+ {[%emt 0:00:23]} 47. Kb1 {[%emt 0:00:07]} Qe1+ {[%emt 0:00:50]} 48. Kc2 {[%emt 0:00:13]} Qf2+ {[%emt 0:00:48]} 49. Kb1 {[%emt 0:00:03]} Qxh4 {[%emt 0:00:31]} 50. Qd5+ {[%emt 0:00:07]} Kc8 {[%emt 0:00:02]} 51. Qa8+ {[%emt 0:01:19]} Kd7 {[%emt 0:00:01]} 52. Qxa7 {[%emt 0:00:03]} Qe1+ {[%emt 0:00:15]} 53. Kb2 {[%emt 0:00:27]} Qd2+ {[%emt 0:00:11]} 54. Kb1 {[%emt 0:00:03]} Qd1+ {[%emt 0:00:04]} 55. Kb2 {[%emt 0:00:01]} Qd4+ {[%emt 0:00:36]} 56. Qxd4 {[%emt 0:00:03]} exd4 {[%emt 0:00:02]} 57. a3 {[%emt 0:00:12]} bxa3+ {[%emt 0:00:13]} 58. Kxa3 {[%emt 0:00:02]} c5 {[%emt 0:02:06]} 59. b4 {[%emt 0:00:09]} cxb4+ {[%emt 0:00:47]} 60. Kxb4 {[%emt 0:00:02]} Kc6 {[%emt 0:02:12]} 61. Ka4 {[%emt 0:00:14]} Kc5 {[%emt 0:00:00]} 62. Kb3 {[%emt 0:00:01]} d3 {[%emt 0:00:00]} 63. Kc3 {[%emt 0:00:02]} d2 {[%emt 0:00:00]} 64. Kxd2 {[%emt 0:00:02]} Kxc4 {[%emt 0:02:00]} 65. Kc2 {[%emt 0:00:04]} Kd4 {[%emt 0:00:00]} 66. Kd1 {[%emt 0:00:02]} Kd3 {[%emt 0:00:00]} 67. Kc1 {[%emt 0:00:02]} d5 {[%emt 0:00:00]} 68. Kd1 {[%emt 0:00:03]} d4 {[%emt 0:00:00]} 69. Kc1 {[%emt 0:00:01]} Ke2 {[%emt 0:00:00]} 70. Kc2 {[%emt 0:00:03]} d3+ {[%emt 0:00:00]} 71. Kb2 {[%emt 0:00:30]} d2 {[%emt 0:00:00]} 72. Ka2 {[%emt 0:00:30]} d1=Q {[%emt 0:00:00]} 73. Kb2 {[%emt 0:00:30]} Qd3 {[%emt 0:00:00]} 74. Ka1 {[%emt 0:00:30]} Qb5 {[%emt 0:00:00]} 75. Ka2 {[%emt 0:00:30]} Kd2 {[%emt 0:00:14]} 76. Ka1 {[%emt 0:00:30]} Kc2 {[%emt 0:00:30]} 77. Ka2 {[%emt 0:00:30]} Qa5# {[%emt 0:00:30]} 0-1

[Event "Charlotte Spring GM Invitational 2021"]
[Site "Charlotte"]
[Date "2021.03.19"]
[Round "4.5"]
[White "Ringoir, Tanguy"]
[Black "Mishra, Abhimanyu"]
[Result "1/2-1/2"]
[WhiteElo "2474"]
[BlackElo "2370"]
[Annotator "ChessBase"]
[PlyCount "46"]
[EventDate "2021.03.17"]
[EventType "tourn"]
[EventCountry "USA"]
[SourceTitle "playchess.com"]
[Source "ChessBase"]
[SourceQuality "1"]
[TimeControl "5400+30"]

1. d4 {[%emt 0:00:40]} d5 {[%emt 0:00:00]} 2. c4 {[%emt 0:00:06]} c6 {[%emt 0:00:00]} 3. Nf3 {[%emt 0:00:04]} Nf6 {[%emt 0:00:00]} 4. Qb3 {[%emt 0:00:01]} dxc4 {[%emt 0:00:50]} 5. Qxc4 {[%emt 0:00:02]} Bf5 {[%emt 0:00:01]} 6. g3 {[%emt 0:00:03]} e6 {[%emt 0:01:17]} 7. Bg2 {[%emt 0:00:02]} Be7 {[%emt 0:01:10]} 8. O-O {[%emt 0:00:02]} O-O {[%emt 0:00:50]} 9. e3 {[%emt 0:00:02]} Nbd7 {[%emt 0:01:15]} 10. Rd1 {[%emt 0:00:01]} Rc8 {[%emt 0:04:20]} 11. Qe2 {[%emt 0:00:06]} Bg6 {[%emt 0:00:44]} 12. Nc3 {[%emt 0:03:00]} b5 {[%emt 0:01:03]} 13. h3 {[%emt 0:14:52]} b4 {[%emt 1:25:00]} 14. Na4 {[%emt 0:03:34]} Qa5 {[%emt 0:00:00]} 15. b3 {[%emt 0:00:19]} c5 {[%emt 0:00:00]} 16. a3 {[%emt 0:06:41]} Qc7 {[%emt 0:00:00]} 17. dxc5 {[%emt 0:09:49]} Nxc5 {[%emt 0:00:00]} 18. Nxc5 {[%emt 0:00:09]} Bxc5 {[%emt 0:00:00]} 19. axb4 {[%emt 0:00:21]} Bxb4 {[%emt 0:00:00]} 20. Bd2 {[%emt 0:02:55]} Bxd2 {[%emt 0:00:00]} 21. Qxd2 {[%emt 0:02:10]} Rfd8 {[%emt 0:00:00]} 22. Qa2 {[%emt 0:01:39]} Rxd1+ {[%emt 0:00:00]} 23. Rxd1 {[%emt 0:00:02]} Qc5 {[%emt 0:00:00]} 1/2-1/2

[Event "Charlotte Spring GM Invitational 2021"]
[Site "Charlotte"]
[Date "2021.03.19"]
[Round "5.2"]
[White "Sinha, Sahil"]
[Black "Ringoir, Tanguy"]
[Result "1/2-1/2"]
[WhiteElo "2353"]
[BlackElo "2474"]
[Annotator "TA"]
[PlyCount "42"]
[EventDate "2021.03.17"]
[EventType "tourn"]
[EventCountry "USA"]
[SourceTitle "playchess.com"]
[Source "ChessBase"]
[SourceQuality "1"]

{[%evp 14,42,17,14,17,17,17,14,14,18,14,14,18,27,20,21,13,21,28,25,25,38,11,13,20,9,1,8,6,9,18]} 1. d4 Nf6 2. c4 g6 3. Nc3 d5 4. cxd5 Nxd5 5. Bd2 Nb6 6. Bf4 Bg7 7. e3 O-O 8. Nf3 c5 {D90: Grünfeld: 4 Nf3 Bg7 sidelines.} 9. dxc5 {[#] aiming for Qxd8.} N6d7 10. Nd5 {Bc7 is the strong threat.} Nxc5 11. Rc1 Nba6 12. b4 Ne4 {[#] Threatens to win with ...Be6.} 13. Bxa6 bxa6 14. Rc7 Bd7 15. Ng5 e6 16. Nxe4 exd5 17. Qxd5 Bb5 18. Qxd8 {The position is equal.} Rfxd8 19. Nd6 Bf8 20. Nxb5 axb5 21. Ke2 {[#]} a5 $146 {Not much happened in this game.  Weighted Error Value: White=0.01/Black=0.00} ({Predecessor:} 21... Bxb4 22. Rd1 Rxd1 23. Kxd1 Rd8+ 24. Kc1 a5 25. Rb7 Rd5 26. Bh6 f6 27. e4 Rh5 {0-1 (38) Matveeva,O (2189)-Yakushina,E (1783) Yaroslavl 2019}) 1/2-1/2